| 000 | 00620nam a22001937a 4500 | ||
|---|---|---|---|
| 999 |
_c17004 _d17004 |
||
| 003 | AR-CdUCM | ||
| 008 | 190507b ||||| |||| 00| 0 spa d | ||
| 040 |
_aMUNICIPALIDAD PROVINCIAL DEL CUSCO _cBIBLIOTECA MUNICIPAL DEL CUSCO |
||
| 082 |
_a335.6 / _bL83 |
||
| 100 |
_aLopez Soria, Jose Ignacio _910041 |
||
| 245 | _aEl pensamiento fascista 1930 - 1945 / | ||
| 260 |
_aLima : _bMosca Azul, _c1981. |
||
| 300 |
_a254 páginas ; _c17 cm. |
||
| 505 | _aFascismo aristocratico -- Fascismo mesocratico -- Fascismo popular | ||
| 650 |
_aFascismo. _93453 |
||
| 650 |
_aHistoria. _9136 |
||
| 942 |
_2ddc _cLIBROS |
||
| 945 | _awfj | ||